000 00609cam a2200169 4500
008 120117n 000 0 eng u
020 _a9781581102857
035 _a(Sirsi) a175274
050 _aRJ 27 AME 2008
110 1 _aAmerican Academy of Pediatrics
245 _aPediatric clinical practice guidelines and policies :
_ba compendium of evidence-based research for pediatric practice /
_cby American academy of pediatrics
250 _a8th ed.
260 _aElk Grove Village :
_bAmerican Academy of Pediatrics,
_c2008.
300 _axvi, 1016p.
504 _aIncludes an index.
650 _aPediatric
999 _c34756
_d34756